| 000 | 00871nas a2200289 4500 | ||
|---|---|---|---|
| 001 | BR2015002862 | ||
| 003 | BR-BrBNA | ||
| 005 | 20231205125325.0 | ||
| 007 | ta | ||
| 008 | 230509b bl.|||p| |||| 00| 00por d | ||
| 040 |
_aBR-BrBNA _bpor _cBiblioteca Nacional de Agricultura |
||
| 041 | _a(Pt) | ||
| 072 | _aH60 | ||
| 100 | 1 | _aZadinello, R. | |
| 100 | 1 | _aChaves, m.M. | |
| 100 | 1 | _aSantos, R.F. | |
| 100 | 1 | _aBassegio, D. | |
| 100 | 1 | _aWerncke, I. | |
| 245 | 1 | _aInfluência da aplicação de glifosato na produtividade da soja | |
| 650 | _aSOJA | ||
| 650 | _aHERBICIDA | ||
| 650 | _aPRODUTIVIDADE | ||
| 773 | 0 |
_tActa Iguazu (Brazil) _xISSN 2316-4093 _g(2012), v. 1(4) p. 1-8 _wBR2015002862 |
|
| 856 | 4 | 0 | _uhttp://e-revista.unioeste.br/index.php/actaiguazu/article/download/7712/5676 |
| 909 |
_a202311 _bLúcia _c55 _dLúcia Elande |
||
| 942 |
_2AGRIS _n0 _cANA |
||
| 999 |
_c243798 _d243798 |
||